Summaries; Известия Томского политехнического университета [Известия ТПУ]; Т. 315, № 6: Экономика, философия, социология и культурология

Dettagli Bibliografici
Parent link:Известия Томского политехнического университета [Известия ТПУ]/ Томский политехнический университет (ТПУ).— , 2000-
Т. 315, № 6: Экономика, философия, социология и культурология.— 2009.— [С. 149-151]
Riassunto:Заглавие с титульного листа
Электронная версия печатной публикации
Приведены рефераты статей данного номера на английском языке.
Lingua:russo
Pubblicazione: 2009
Soggetti:
Accesso online:http://www.lib.tpu.ru/fulltext/v/Bulletin_TPU/2009/v315/i6/34.pdf
Natura: MixedMaterials Elettronico Capitolo di libro
KOHA link:https://koha.lib.tpu.ru/cgi-bin/koha/opac-detail.pl?biblionumber=177556

MARC

LEADER 00000nla2a2200000 4500
001 177556
005 20231031165638.0
035 |a (RuTPU)RU\TPU\book\192495 
035 |a RU\TPU\book\191022 
090 |a 177556 
100 |a 20100319d2009 k y0rusy50 ca 
101 0 |a rus 
102 |a RU 
135 |a drnn ---uucaa 
181 0 |a i  
182 0 |a b 
200 1 |a Summaries  |b Электронный ресурс  |d Рефераты статей 
203 |a Текст  |c электронный 
215 |a 1 файл (94 Кб) 
230 |a Электронные текстовые данные (1 файл : 94 Кб) 
300 |a Заглавие с титульного листа 
300 |a Электронная версия печатной публикации 
330 |a Приведены рефераты статей данного номера на английском языке. 
337 |a Adobe Reader 
461 1 |0 (RuTPU)RU\TPU\book\176237  |t Известия Томского политехнического университета [Известия ТПУ]  |f Томский политехнический университет (ТПУ)  |d 2000- 
463 1 |0 (RuTPU)RU\TPU\book\192423  |x 1684-8519  |t Т. 315, № 6: Экономика, философия, социология и культурология  |v [С. 149-151]  |d 2009  |p 154 с. 
610 1 |a электронный ресурс 
801 1 |a RU  |b 63413507  |c 20090623  |g PSBO 
801 2 |a RU  |b 63413507  |c 20211220  |g PSBO 
856 4 |u http://www.lib.tpu.ru/fulltext/v/Bulletin_TPU/2009/v315/i6/34.pdf 
942 |c CF